<?xml version="1.0" encoding="UTF-8"?><?xml-stylesheet type="text/xsl" href="static/style.xsl"?><OAI-PMH xmlns="http://www.openarchives.org/OAI/2.0/" xmlns:xsi="http://www.w3.org/2001/XMLSchema-instance" xsi:schemaLocation="http://www.openarchives.org/OAI/2.0/ http://www.openarchives.org/OAI/2.0/OAI-PMH.xsd"><responseDate>2026-04-13T14:26:46Z</responseDate><request verb="GetRecord" identifier="oai:www.recercat.cat:20.500.14342/3139" metadataPrefix="marc">https://recercat.cat/oai/request</request><GetRecord><record><header><identifier>oai:recercat.cat:20.500.14342/3139</identifier><datestamp>2026-03-05T23:39:57Z</datestamp><setSpec>com_2072_482405</setSpec><setSpec>com_2072_183628</setSpec><setSpec>col_2072_482415</setSpec></header><metadata><record xmlns="http://www.loc.gov/MARC21/slim" xmlns:dcterms="http://purl.org/dc/terms/" xmlns:xsi="http://www.w3.org/2001/XMLSchema-instance" xmlns:doc="http://www.lyncode.com/xoai" xsi:schemaLocation="http://www.loc.gov/MARC21/slim http://www.loc.gov/standards/marcxml/schema/MARC21slim.xsd">
   <leader>00925njm 22002777a 4500</leader>
   <datafield ind2=" " ind1=" " tag="042">
      <subfield code="a">dc</subfield>
   </datafield>
   <datafield ind2=" " ind1=" " tag="720">
      <subfield code="a">Calvo Gomez, Miriam</subfield>
      <subfield code="e">author</subfield>
   </datafield>
   <datafield ind2=" " ind1=" " tag="720">
      <subfield code="a">Camboni, Alessandro</subfield>
      <subfield code="e">author</subfield>
   </datafield>
   <datafield ind2=" " ind1=" " tag="720">
      <subfield code="a">Vilasis-Cardona, Xavier</subfield>
      <subfield code="e">author</subfield>
   </datafield>
   <datafield ind2=" " ind1=" " tag="720">
      <subfield code="a">LHCb Collaboration - CERN</subfield>
      <subfield code="e">author</subfield>
   </datafield>
   <datafield ind2=" " ind1=" " tag="260">
      <subfield code="c">2013-02-07</subfield>
   </datafield>
   <datafield ind2=" " ind1=" " tag="520">
      <subfield code="a">Evidence for the hadronic annihilation decay mode B+→D+sϕ&#xd;
&#xd;
is found with greater than 3σ significance. The branching fraction and CP asymmetry are measured to be&#xd;
$&#xd;
B(B+→D+sϕ)=(1.87+1.25−0.73(stat)±0.19(syst)±0.32(norm))×10−6,ACP(B+→D+sϕ)=−0.01±0.41(stat)±0.03(syst).&#xd;
$&#xd;
&#xd;
The last uncertainty on B(B+→D+sϕ)&#xd;
is from the branching fractions of the B+→D+sD¯¯¯¯0 normalization mode and intermediate resonance decays. Upper limits are also set for the branching fractions of the related decay modes B+(c)→D+(s)K∗0,B+(c)→D+(s)K¯¯¯¯¯∗0 and B+c→D+sϕ, including the result B(B+→D+K∗0)&lt;1.8×10−6 at the 90% credibility level.</subfield>
   </datafield>
   <datafield ind1="8" ind2=" " tag="024">
      <subfield code="a">http://hdl.handle.net/20.500.14342/3139</subfield>
   </datafield>
   <datafield ind1="8" ind2=" " tag="024">
      <subfield code="a">https://doi.org/10.1007/JHEP02(2013)043</subfield>
   </datafield>
   <datafield tag="653" ind2=" " ind1=" ">
      <subfield code="a">Gran col·lisionador d'hadrons (França i Suïssa)</subfield>
   </datafield>
   <datafield tag="653" ind2=" " ind1=" ">
      <subfield code="a">Partícules (Física nuclear)</subfield>
   </datafield>
   <datafield ind2="0" ind1="0" tag="245">
      <subfield code="a">First evidence for the annihilation decay mode B+→D+sφ</subfield>
   </datafield>
</record></metadata></record></GetRecord></OAI-PMH>